00648nam a2200193Ia 4500003000400000005001700004008004100021040000700062041000800069082001900077100003800096245005400134260003600188365001300224906006000237942001200297999001900309952012600328OSt20230522141853.0210423s2000 xx 000 0 und d cAL aeng a380 223bVELR aVELAYUDHAN (Sanal Kumar).9110226 aRural marketing targeting the non urban consumer. aNew DelhibResponse Booksc2000 b200cINR aconsumer. ; marketing ; non ; Rural ; targeting ; urban 2ddccBK c172634d172634 001040708MSWaSACPGbSACPGd2002-03-23eBook Worldg200.00l0o380 VELRpPG019188r2022-08-24 00:00:00w2021-04-26yBK